00353nam a2200121 a 4500008004100000050001900041100001700060245003400077246005500111260003200166300002400198350000900222120416s1956 ||||||||||||||||| || u aNA 6840.G7 Smi aSmith, Irwin10aShakespeare's Globe playhouse aa modern reconstruction in text and scale drawings aNew YorkbC. Scribnerc1956 axxiii, 240p. : ill. a0.00